=LDR 00000nam 2200000 4500 =001 INLIS000000000029118 =005 20130612131357 =008 ***********************************ind** =035 ##$$0010-061300000029118 =041 ##$$a ind =082 ##$$a 617.510 75 =090 ##$$a 617.510 75, THA g =100 ##$$a Thaller, Seth R =245 ##$$a Diagram diagnostik penyakit telinga, hidung, tenggorokan, Seth R. Thaller; alih bahasa, Petrus Andrianto =260 ##$$a 1995 $b Jakarta =300 ##$$a vii, 141 hlm., ilus., 27 cm =650 ##$$a Otolaringologi =650 ##$$a Diagnosa =850 ##$$a NBPNMAT